Ḥafāṣîm nibḥārîm mi-ôsef Mûzêʾôn Reʾûvēn we-ʿĒdît HKṬ = Highlights from the collection of the Reuben and Edith Hecht Museum
| Другие заглавия: | Highlights from the collection of the Reuben and Edith Hecht Museum |
|---|---|
| Главные авторы: | ; |
| Формат: | Print |
| Язык: | Иврит Английский |
| Слжба доставки Subito: | Заказать сейчас. |
| Проверить наличие: | HBZ Gateway |
| Interlibrary Loan: | Interlibrary Loan for the Fachinformationsdienste (Specialized Information Services in Germany) |
| Опубликовано: |
Haifa
University of Haifa
1990
|
| В: |
Catalogue (1)
Год: 1990 |
| Редактирование: | 2. ed. |
| Серии журналов/журналы: | Qāṭālôg / Mûzêʾôn Reʾûvēn we-ʿĒdît HKṬ
1 |
| Нормированные ключевые слова (последовательности): | B
Археология (мотив)
/ Bibel. Altes Testament
|
| Индексация IxTheo: | HB Ветхий Завет HH Археология |
| Другие ключевые слова: | B
Израиль (мотив) Древность
B Kanaan B Музей B Haifa |
MARC
| LEADER | 00000cam a22000002c 4500 | ||
|---|---|---|---|
| 001 | 1175894532 | ||
| 003 | DE-627 | ||
| 005 | 20240504204220.0 | ||
| 007 | tu | ||
| 008 | 030710s1990 xx ||||| 00| ||heb c | ||
| 035 | |a (DE-627)1175894532 | ||
| 035 | |a (DE-576)105894532 | ||
| 035 | |a (DE-599)BSZ105894532 | ||
| 040 | |a DE-627 |b ger |c DE-627 |e rakwb | ||
| 041 | |a heb |a eng | ||
| 084 | |a 1 |2 ssgn | ||
| 100 | 1 | |0 (DE-588)1043594469 |0 (DE-627)77070493X |0 (DE-576)395140641 |4 aut |a Ḥakhlili, Raḥel |d 1935-2019 | |
| 109 | |a Ḥakhlili, Raḥel 1935-2019 |a Hachlili, Rachel 1935-2019 |a Ḥaḵlîlî, Rāḥēl 1935-2019 |a Chachlili, Rachel 1935-2019 |a Hachlili, Raḥel 1935-2019 |a Hakelili, Rachel 1935-2019 |a Hachlili, R. 1935-2019 |a Hakelili, Raḥel 1935-2019 | ||
| 245 | 1 | 0 | |a Ḥafāṣîm nibḥārîm mi-ôsef Mûzêʾôn Reʾûvēn we-ʿĒdît HKṬ |b = Highlights from the collection of the Reuben and Edith Hecht Museum |c Rachel ḤKLYLY; Yaakov MŠWRR |
| 246 | 3 | 1 | |a Highlights from the collection of the Reuben and Edith Hecht Museum |
| 246 | 3 | 3 | |a Highlights from the collection of the Reuben and Edith Hecht Museum |
| 250 | |a 2. ed. | ||
| 264 | 1 | |a Haifa |b University of Haifa |c 1990 | |
| 300 | |a 66 S. |b zahlr. Ill. | ||
| 336 | |a Text |b txt |2 rdacontent | ||
| 337 | |a ohne Hilfsmittel zu benutzen |b n |2 rdamedia | ||
| 338 | |a Band |b nc |2 rdacarrier | ||
| 490 | 1 | |a Qāṭālôg / Mûzêʾôn Reʾûvēn we-ʿĒdît HKṬ |v 1 | |
| 500 | |a Text hebr. in hebr. Schr. u. engl | ||
| 583 | 1 | |a Archivierung prüfen |c 20200919 |f DE-640 |z 1 |2 pdager | |
| 650 | 0 | 7 | |0 (DE-588)4040795-0 |0 (DE-627)106221485 |0 (DE-576)209042311 |a Museum |2 gnd |
| 651 | 7 | |0 (DE-588)4072956-4 |0 (DE-627)106093711 |0 (DE-576)209188804 |a Israel |g Altertum |2 gnd | |
| 651 | 7 | |0 (DE-588)4029455-9 |0 (DE-627)106274171 |0 (DE-576)20898268X |a Kanaan |2 gnd | |
| 651 | 7 | |0 (DE-588)4022958-0 |0 (DE-627)106306138 |0 (DE-576)20894673X |a Haifa |2 gnd | |
| 652 | |a HB:HH | ||
| 689 | 0 | 0 | |d s |0 (DE-588)4002827-6 |0 (DE-627)104459425 |0 (DE-576)208848878 |2 gnd |a Archäologie |
| 689 | 0 | 1 | |d u |0 (DE-588)4001515-4 |0 (DE-627)104603666 |0 (DE-576)208843116 |a Bibel |2 gnd |p Altes Testament |
| 689 | 0 | |5 (DE-627) | |
| 700 | 1 | |0 (DE-588)122509528 |0 (DE-627)081986599 |0 (DE-576)263592014 |4 aut |a Meshorer, Yaʿaḳov |d 1935-2004 | |
| 810 | 2 | |a Mûzê'ôn Re'ûvēn we-ʿĒdît Heḵṭ |t Catalogue |v 1 |9 1,2 |w (DE-627)1086436660 |w (DE-576)016436660 |7 am | |
| 889 | |w (DE-576)520130065 | ||
| 889 | |w (DE-627)1590130065 | ||
| 935 | |a mteo |a BIIN | ||
| 951 | |a BO | ||
| BIB | |a 1 | ||
| ELC | |b 1 | ||
| ITA | |a 1 | ||
| LOK | |0 000 xxxxxcx a22 zn 4500 | ||
| LOK | |0 001 2428845802 | ||
| LOK | |0 003 DE-627 | ||
| LOK | |0 004 1175894532 | ||
| LOK | |0 005 20100408104952 | ||
| LOK | |0 008 030710||||||||||||||||ger||||||| | ||
| LOK | |0 040 |a DE-21-31 |c DE-627 |d DE-21-31 | ||
| LOK | |0 541 |e 98/92 (BAI) | ||
| LOK | |0 852 |a DE-21-31 | ||
| LOK | |0 852 1 |c Lu II h 20:1-1/2 |m p |9 00 | ||
| LOK | |0 938 |k p | ||
| LOK | |0 939 |a 10-07-03 |b l01 | ||
| LOK | |0 000 xxxxxcx a22 zn 4500 | ||
| LOK | |0 001 306056874X | ||
| LOK | |0 003 DE-627 | ||
| LOK | |0 004 1175894532 | ||
| LOK | |0 005 20240504204220 | ||
| LOK | |0 008 190311||||||||||||||||ger||||||| | ||
| LOK | |0 035 |a (DE-Tue135-1)230589 | ||
| LOK | |0 040 |a DE-Tue135-1 |c DE-627 |d DE-Tue135-1 | ||
| LOK | |0 852 |a DE-Tue135-1 | ||
| LOK | |0 852 1 |c SJ154731 |m p |9 00 | ||
| LOK | |0 852 2 |b Jesuitenbibl. in FTH 7773 |9 00 | ||
| LOK | |0 935 |a iMON | ||
| LOK | |0 936ln |0 1442044128 |a HB | ||
| LOK | |0 936ln |0 1442044187 |a HH | ||
| LOK | |0 938 |k p | ||
| LOK | |0 939 |a 11-03-19 |b l12 | ||
| ORI | |a SA-MARC-ixtheoa001.raw | ||
| STA | 0 | 0 | |a Archaeology,Archaeology,Archeology,Canaan,Museums |
| STB | 0 | 0 | |a Archéologie,Archéologie,Musée |
| STC | 0 | 0 | |a Arqueología,Arqueología,Museo |
| STD | 0 | 0 | |a Archeologia,Archeologia,Museo |
| STE | 0 | 0 | |a 博物馆,考古学,考古学 |
| STF | 0 | 0 | |a 博物館,考古學,考古學 |
| STG | 0 | 0 | |a Arqueologia,Arqueologia,Museu |
| STH | 0 | 0 | |a Археология (мотив),Археология,Музей |
| STI | 0 | 0 | |a Αρχαιολογία (μοτίβο),Αρχαιολογία,Μουσείο |
| SUB | |a BIB | ||
| SYE | 0 | 0 | |a Museum,Kloster-Museum,Schloss- und Klostermuseum,Museum Schloss Corvey,Museum der Stadt Regensburg,Museum der Stadt Bad Gandersheim , Öffentliche Sammlung,Museen |
| SYF | 0 | 0 | |a Israel , Medinat Jisrael,Yiśraʾel,Ereṣ Yiśraʾel,Israël,Etat d'Israël,State of Israel,Yiśrāʾēl,Ereṣ Yiśrāʾēl,Medînat Yiśrā'ēl,Isrāʾīl,Izrael , Israel,Israel,Isrā'īl al-Kaskari , Chanaan,Jisra'el,Eres Jisra'El , Ḥaifā,Ḥayfā,Hefa,Ḥêfā,Ḥefah,Caiphas Porphyria,Caiffa,Caiphas,Hepha,Caifa |
| SYG | 0 | 0 | |a Archaeology,Altertumskunde , Hebrew Bible, critical edition,HBCE,Oxford Hebrew Bible,Biblia Hebraica quinta,BHQ,Biblia Hebraica,Biblia Hebraica,Hebräische Bibel,Masoretentext,Massoretentext,Masoretischer Text,Septuaginta,Septuagint,Altes Testament,Tenach,Testamentum vetus,Vetus testamentum,Erstes Testament,L'Ancien Testament,The Old Testament,Jüdische Bibel,Tanach,Tanakh,Tenakh,Miqra,al-ʿAhd al-ʿatīq,Torah neviʾim ketuvim,Torah neviʾim u-ketuvim,Sefer Torah neviʾim ketuvim,Tôrā nĕvîʾîm û-ḵtûvîm,Die Israelitische Bibel,The Hebrew Bible,Kyûyaku Seisho,Tèstamènt bieu,Antiguo Testamento,Nnom Elat,Bible,O.T.,Bible,Old Testament,תנ"ך,תנך |